000 00724nam a2200241Ia 4500
003 OSt
005 20221007080611.0
006 a|||||r|||| 00| 0
007 ta
008 221006b |||||||| |||| 00| 0 eng d
024 _a2,352
037 _cReference Collections
040 _aFLL
_cFLL
_beng
041 _2eng
_aeng
082 _aP111:ZK, P5
100 _aAiyar P. R. Au.
245 0 _aConcise law dictionary
_b With legal maxims, latin terms & words and pharases
250 _a3rd
260 _aNew Delhi
_bWadhwa And Company Nagpur India
_c2005
650 _aConcise law dictionary
_9695035
942 _hP111:ZK, P5
_cREF
_2CC
999 _c1160235
_d1160235